000 00688nam a2200241 i 4500
001 C2-0255699
003 PPAK
005 20180727223326.0
008 040615s1990 my a|||| ||||| | eng d
020 _a983968101X
040 _aPPAK
_beng
_cPPAK
_erda
082 0 4 _a597.809595
_223
090 0 0 _a597.809595
_bKIE
_dRK
100 1 _aKiew, Bong Heang,
_eauthor
245 1 0 _aMalaysian frogs & toads
264 1 _aKuala Lumpur :
_bMalayan Nature Society ,
_c1990
300 _a41 pages :
_bcolour illustrations ;
_c18 cm
336 _2rdacontent
_atext
337 _2rdamedia
_aunmediated
338 _2rdacarrier
_avolume
650 1 0 _aMalaysia Juvenile literature
942 _ddc
_cB
999 _c68050
_d68050